01232nam a2200301Ia 4500001001200000003000800012006001900020007001500039008004100054020001800095020001800113040002100131035002100152050002400173245012600197260006100323300003500384490003200419504004100451533015200492650003100644651003300675655002900708710003300737710001700770856012600787999001700913ebr10739553CaPaEBRm o u cr cn|||||||||130807s2013 dcua sb 000 0 eng d z9781484365243 z9781484381946 aCaPaEBRcCaPaEBR a(OCoLC)85707366114aHG3257b.C96 2013eb00aCyprush[electronic resource] :brequest for arrangement under the extended fund facility /cInternational Monetary Fund. aWashington, D.C. :bInternational Monetary Fund,cc2013. a1 v. (various pagings) :bill.0 aIMF working paper ;v13/125 aIncludes bibliographical references. aElectronic reproduction.bPalo Alto, Calif. :cebrary,d2013.nAvailable via World Wide Web.nAccess may be limited to ebrary affiliated libraries. 0aBanks and bankingzCyprus. 0aCyprusxEconomic conditions. 7aElectronic books.2local2 aInternational Monetary Fund.2 aebrary, Inc.40uhttp://site.ebrary.com/lib/rucke/Doc?id=10739553zAn electronic book accessible through the World Wide Web; click to view c36458d36458